What Does U.N.C.L.E Stand For? - Statistics

General Stats
  • This quiz has been taken 16 times
  • The average score is 2 of 5
Answer Stats
Letter Answer % Correct
U United
93%
E Enforcement
40%
L Law and
40%
C Command for
33%
N Network
33%
No matching quizzes found
Score Distribution
Percent of People with Each Score
Percentile by Number Answered
Your Score History
You have not taken this quiz